000 00188 a2200097 4500
020 _a9780439397827
041 _aspa
100 _aHillenbrand,will
245 _aEn la estacion
942 _cBK
999 _c11202
_d11202